GULF REGION A NEW HUB OF GLOBAL FINANCIA (Record no. 22986)

MARC details
000 -LEADER
fixed length control field 00351nam a2200133Ia 4500
008 - FIXED-LENGTH DATA ELEMENTS--GENERAL INFORMATION
fixed length control field 240624s9999 xx 000 0 und d
041 ## - LANGUAGE CODE
Language code of text/sound track or separate title eng
082 ## - DEWEY DECIMAL CLASSIFICATION NUMBER
Classification number 332.042 NUG
100 ## - MAIN ENTRY--PERSONAL NAME
Personal name NUGEE JOHN
245 ## - TITLE STATEMENT
Title GULF REGION A NEW HUB OF GLOBAL FINANCIA
260 ## - PUBLICATION, DISTRIBUTION, ETC.
Date of publication, distribution, etc. 2008
Place of publication, distribution, etc. London
Name of publisher, distributor, etc. Chatham House
300 ## - PHYSICAL DESCRIPTION
Extent xv, : 219 : p.: : 23 : cm.
365 ## - TRADE PRICE
Currency code BPS
Price amount 25
Holdings
Withdrawn status Lost status Damaged status Not for loan Home library Current library Shelving location Date acquired Source of acquisition Cost, normal purchase price Full call number Barcode Date last seen Copy number Price effective from Koha item type
        IMTN IMTN Rack 9-A 09/24/2014 IBH 25.00 332.042 NUG 22986 06/24/2024 107.6 06/24/2024 Books
Designed & Maintained by: LRC IMT Nagpur Contact: lrc@imtnag.ac.in© 2024. All Rights Reserved.